Policies for innovation in the service sector : Identification and structure of relevant factors

Guardat en:
Dades bibliogràfiques
Format: Llibre
Idioma:Undetermined
Publicat: Paris OCED Press 1977
Matèries:
Etiquetes: Afegir etiqueta
Sense etiquetes, Sigues el primer a etiquetar aquest registre!
Thư viện lưu trữ: Trung tâm Học liệu Trường Đại học Cần Thơ
LEADER 00478nam a2200157Ia 4500
001 CTU_78077
008 210402s9999 xx 000 0 und d
082 |a 309.2 
082 |b P766 
245 0 |a Policies for innovation in the service sector : 
245 0 |b Identification and structure of relevant factors 
260 |a Paris 
260 |b OCED Press 
260 |c 1977 
650 |a Community development,Social policy 
980 |a Trung tâm Học liệu Trường Đại học Cần Thơ